[Event "President of UZB Prizes"]
[Site "Tashkent UZB"]
[Date "2021.11.14"]
[Round "4.10"]
[White "Nodirbek Abdusattorov"]
[Black "Anton Sitnikov"]
[Result "1-0"]
[EventDate "?"]
[WhiteElo "2646"]
[BlackElo "2400"]
[PlyCount "38"]

1. d4 Nf6 2. c4 b6 3. Nc3 Bb7 4. Qc2 d5 5. cxd5 Nxd5 6. e4 Nxc3 7. bxc3 e5 8. Nf3 exd4 9. Bc4 Nc6 10. O-O Bc5 11. e5 Qd7 12. Re1 O-O-O 13. e6 Qd6 14. exf7 d3 15. Qa4 Qf6 16. Bg5 Qxc3 17. Bxd8 Rxd8 18. Rad1 Nd4 19. Re8 1-0

[Event "President of UZB Prizes"]
[Site "Tashkent UZB"]
[Date "2021.11.14"]
[Round "5.5"]
[White "Bobur Sattarov"]
[Black "Nodirbek Abdusattorov"]
[Result "1/2-1/2"]
[EventDate "?"]
[WhiteElo "2464"]
[BlackElo "2646"]
[PlyCount "114"]

1. e4 e5 2. Nf3 Nc6 3. Bb5 a6 4. Ba4 Nf6 5. O-O Nxe4 6. d4 b5 7. Bb3 d5 8. dxe5 Be6 9. Qe2 Be7 10. Rd1 Na5 11. Nbd2 Nxd2 12. Bxd2 Nxb3 13. axb3 O-O 14. b4 Bg4 15. h3 Bh5 16. g4 Bg6 17. Nd4 Qd7 18. c3 c5 19. bxc5 Bxc5 20. Be3 f6 21. e6 Qd6 22. Qd2 Bxd4 23. Qxd4 Rfd8 24. Qb6 Be4 25. Qxd6 Rxd6 26. e7 Rc6 27. Re1 Kf7 28. Bd4 Re8 29. Re3 Rxe7 30. f3 Bc2 31. Rxe7+ Kxe7 32. Re1+ Kf7 33. b4 h5 34. Kf2 h4 35. Rg1 Rc4 36. Ra1 Ba4 37. Ke3 Rc6 38. Kd2 Bb3 39. Re1 Bc4 40. f4 g6 41. g5 fxg5 42. fxg5 Re6 43. Rxe6 Kxe6 44. Bf2 Kf5 45. Bxh4 Bf1 46. Bf2 Bxh3 47. Be3 Bf1 48. Ke1 Bc4 49. Kd2 Bf1 50. Ke1 Bd3 51. Kd1 Kg4 52. Ke1 Bc4 53. Kd1 d4 54. Bxd4 Kxg5 55. Ke1 Kf4 56. Kf2 Ke4 57. Bf6 1/2-1/2

[Event "President of UZB Prizes"]
[Site "Tashkent UZB"]
[Date "2021.11.13"]
[Round "2.4"]
[White "Nodirbek Abdusattorov"]
[Black "Abdimalik Abdisalimov"]
[Result "1/2-1/2"]
[EventDate "?"]
[WhiteElo "2646"]
[BlackElo "2409"]
[PlyCount "146"]

1. d4 Nf6 2. Bf4 g6 3. Nc3 d5 4. e3 Bg7 5. h4 a6 6. Be2 h6 7. Nf3 b5 8. Ne5 Bb7 9. h5 g5 10. Bh2 Nfd7 11. Nd3 c5 12. dxc5 Qa5 13. O-O b4 14. Nxb4 Qxb4 15. Nxd5 Bxd5 16. Qxd5 Ra7 17. a3 Qa4 18. Bf3 O-O 19. Rab1 Rc8 20. b4 Qxa3 21. Rfd1 a5 22. Bxb8 Nxb8 23. Bg4 e6 24. Bxe6 Re8 25. Bf5 axb4 26. Qc4 Rc7 27. Rd5 Nc6 28. Rbd1 Qc3 29. Qa6 Ne7 30. Rd8 Rf8 31. Be4 Qxc5 32. Rxf8+ Bxf8 33. Rd8 Kg7 34. Rxf8 Kxf8 35. Qxh6+ Ke8 36. Qh8+ Kd7 37. h6 Qc3 38. Qa8 Qa3 39. Qh8 Qc3 40. Qa8 f5 41. Bd3 Rc8 42. Qa6 Qh8 43. g4 fxg4 44. Qb5+ Ke6 45. Bc4+ Kd6 46. Qxb4+ Rc5 47. Qd2+ Kc6 48. Be6 Nd5 49. Qd3 g3 50. h7 gxf2+ 51. Kxf2 Nf6 52. Bg8 Kc7 53. Qg6 Kd6 54. c4 Rc7 55. Ke2 g4 56. Qd3+ Ke7 57. Qa3+ Kd7 58. Qa1 g3 59. Qe5 g2 60. Qd4+ Ke8 61. Qe5+ Kd8 62. Qd6+ Rd7 63. Qb8+ Ke7 64. Qe5+ Kf8 65. Qb8+ Ne8 66. Qf4+ Nf6 67. Qb8+ Kg7 68. Qg3+ Kf8 69. Qb8+ Ne8 70. Qf4+ Ke7 71. Qe4+ Kf8 72. Qf4+ Qf6 73. h8=Q Qxf4 1/2-1/2

[Event "President of UZB Prizes"]
[Site "Tashkent UZB"]
[Date "2021.11.13"]
[Round "3.9"]
[White "Alisher Suleymenov"]
[Black "Nodirbek Abdusattorov"]
[Result "1/2-1/2"]
[EventDate "?"]
[WhiteElo "2443"]
[BlackElo "2646"]
[PlyCount "134"]

1. d4 e6 2. c4 b6 3. Nc3 Bb7 4. e4 Bb4 5. f3 f5 6. exf5 Nh6 7. fxe6 Nf5 8. Bf4 O-O 9. Qd2 dxe6 10. O-O-O Qe7 11. Nge2 Nc6 12. d5 Na5 13. Ng3 exd5 14. cxd5 Nd6 15. Bxd6 cxd6 16. Kb1 Rac8 17. Nge4 Nc4 18. Bxc4 Rxc4 19. a3 Bxc3 20. Nxc3 Bc8 21. Rhe1 Bf5+ 22. Ka1 Qf6 23. Qe3 b5 24. g4 b4 25. axb4 Bd7 26. Qe7 Qxf3 27. Qxd7 Rxc3 28. Qxd6 Ra3+ 29. Kb1 Re3 30. Qxf8+ Kxf8 31. Rf1 Ke7 32. Rxf3 Rxf3 33. Kc2 Kd6 34. Ra1 Rh3 35. Rxa7 g6 36. b5 Rxh2+ 37. Kc3 Kc5 38. Rc7+ Kxb5 39. d6 Rh1 40. Kd4 h5 41. gxh5 gxh5 42. Kd5 h4 43. Rb7+ Ka6 44. Rh7 Kb6 45. Ke6 h3 46. Kd7 h2 47. Rh5 Ka6 48. Rh6 Kb5 49. Rh8 Kb6 50. Rh5 Ka6 51. b3 Kb7 52. Rh6 Ka7 53. Rh4 Kb6 54. Rb4+ Ka5 55. Ra4+ Kb5 56. Ra2 Kb4 57. Re2 Kc3 58. Re3+ Kb4 59. Re2 Kc3 60. b4 Kd3 61. Rb2 Kc3 62. Re2 Kd3 63. Rg2 Kc4 64. Rg4+ Kb5 65. Rh4 Ka4 66. Rh6 Kxb4 67. Kd8 1/2-1/2

[Event "President of UZB Prizes"]
[Site "Tashkent UZB"]
[Date "2021.11.12"]
[Round "1.4"]
[White "Daniyal Sapenov"]
[Black "Nodirbek Abdusattorov"]
[Result "0-1"]
[EventDate "?"]
[WhiteElo "2189"]
[BlackElo "2646"]
[PlyCount "82"]

1. d4 Nf6 2. Nf3 d5 3. c4 e6 4. g3 dxc4 5. Bg2 a6 6. O-O Nc6 7. e3 Rb8 8. Qe2 b5 9. b3 cxb3 10. axb3 Bd6 11. Bb2 O-O 12. Rc1 Nb4 13. Ne5 Nd7 14. Nd2 Bb7 15. Ne4 Be7 16. Rd1 Bxe4 17. Bxe4 Nxe5 18. dxe5 Qc8 19. Qh5 g6 20. Qg4 Rd8 21. h4 Rxd1+ 22. Rxd1 Qe8 23. h5 Bf8 24. Kg2 c5 25. Rh1 Bg7 26. Qh4 Rd8 27. hxg6 hxg6 28. Bb1 Nd3 29. Bxd3 Rxd3 30. e4 Qd8 31. Qh7+ Kf8 32. Bc1 Qd4 33. Rh4 Qxe5 34. Bh6 Bxh6 35. Qxh6+ Ke7 36. Rf4 g5 37. Qh5 Qg7 38. Rg4 Qf6 39. Rxg5 Rd2 40. Rxc5 Qxf2+ 41. Kh3 Qg2+ 0-1

[Event "Lindores Abbey Tal Mem"]
[Site "Riga LAT"]
[Date "2021.11.08"]
[Round "12.10"]
[White "Andrey Esipenko"]
[Black "Nodirbek Abdusattorov"]
[Result "0-1"]
[EventDate "?"]
[WhiteElo "2713"]
[BlackElo "2646"]
[PlyCount "70"]

1. e4 e6 2. d4 d5 3. e5 c5 4. c3 Nc6 5. Nf3 Qb6 6. Be2 cxd4 7. cxd4 Nh6 8. Bxh6 Qxb2 9. Nbd2 gxh6 10. O-O Bd7 11. Nb3 Rc8 12. Ne1 Nb4 13. Nd3 Qc2 14. Ndc5 Qxd1 15. Rfxd1 Bxc5 16. Nxc5 b6 17. Nb7 Ke7 18. Bh5 f6 19. Nd6 Rc3 20. a3 Nc2 21. Rac1 fxe5 22. dxe5 Ba4 23. Rd2 d4 24. h4 Rf8 25. Ne4 Rcc8 26. Bd1 Ne3 27. Rxc8 Rxc8 28. fxe3 dxe3 29. Bxa4 exd2 30. Nxd2 Rc3 31. Kf2 Rxa3 32. Bc6 a5 33. Ke2 a4 34. Nc4 Rc3 35. Bb5 a3 0-1

[Event "Lindores Abbey Tal Mem"]
[Site "Riga LAT"]
[Date "2021.11.08"]
[Round "11.10"]
[White "Nodirbek Abdusattorov"]
[Black "Andrey Esipenko"]
[Result "0-1"]
[EventDate "?"]
[WhiteElo "2646"]
[BlackElo "2713"]
[PlyCount "186"]

1. e4 e5 2. Nf3 Nc6 3. Bb5 Bc5 4. d3 d6 5. O-O Ne7 6. c3 O-O 7. Nbd2 a6 8. Ba4 Ba7 9. Bb3 Kh8 10. Ng5 Qe8 11. Qh5 h6 12. Nxf7+ Rxf7 13. Bxf7 Qf8 14. Nf3 Nd8 15. Bb3 Ne6 16. d4 exd4 17. Bxe6 Bxe6 18. cxd4 d5 19. Qe5 dxe4 20. Qxe4 Bd5 21. Qf4 Bxf3 22. gxf3 Nd5 23. Qg4 Qf6 24. Be3 Rf8 25. Kh1 c6 26. Rg1 Qxf3+ 27. Qxf3 Rxf3 28. Rg3 Rf7 29. Rag1 Kh7 30. Kg2 Bb8 31. Rf3 Re7 32. Re1 Bf4 33. h3 Bd6 34. Bd2 Rd7 35. Kf1 Be7 36. Re4 Bf6 37. Be3 Kg6 38. Re8 Nb4 39. a3 Nc2 40. Rf4 Nxd4 41. Bxd4 Bxd4 42. b4 c5 43. Ree4 Kh7 44. a4 Rc7 45. b5 axb5 46. axb5 Bf6 47. Ke2 Rd7 48. Re6 Bd4 49. b6 c4 50. Rfe4 c3 51. Re7 c2 52. Kd2 Rxe7 53. Rxe7 Bxb6 54. f3 Bc5 55. Rxb7 Kg6 56. Kxc2 Bd4 57. Kd3 Bf6 58. Ke4 Kh5 59. Kf5 Kh4 60. f4 Kxh3 61. Kg6 Kg4 62. f5 Kf4 63. Ra7 Ke5 64. Ra6 Ke4 65. Re6+ Be5 66. Re7 h5 67. Rb7 h4 68. Rb3 Bf6 69. Ra3 Kf4 70. Rb3 Kg4 71. Rb4+ Kg3 72. Rb3+ Kg2 73. Rd3 h3 74. Rd2+ Kg3 75. Rd3+ Kg4 76. Rd2 Be5 77. Re2 Bf6 78. Rd2 Be5 79. Re2 Bf6 80. Re1 h2 81. Rd1 Be5 82. Re1 Bd4 83. Rd1 Bg1 84. Rd7 h1=Q 85. Rxg7 Qe4 86. Rf7 Bd4 87. Kh6 Qc6+ 88. Kh7 Bf6 89. Kg6 Bg5+ 90. Kg7 Qh6+ 91. Kg8 Bf6 92. Rh7 Qd2 93. Kf7 Kxf5 0-1

[Event "Lindores Abbey Tal Mem"]
[Site "Riga LAT"]
[Date "2021.11.08"]
[Round "10.4"]
[White "David Paravyan"]
[Black "Nodirbek Abdusattorov"]
[Result "1-0"]
[EventDate "?"]
[WhiteElo "2642"]
[BlackElo "2646"]
[PlyCount "88"]

1. e4 e6 2. d4 d5 3. Nc3 Nf6 4. Bg5 h6 5. Bxf6 Qxf6 6. a3 Qd8 7. Qd2 Be7 8. Nf3 c6 9. h4 Nd7 10. Bd3 b6 11. Qf4 Bb7 12. O-O-O Nf6 13. Ne5 dxe4 14. Nxe4 Qc7 15. g3 Rf8 16. Kb1 O-O-O 17. c3 c5 18. Rhe1 Kb8 19. dxc5 Nd5 20. Qg4 Qxe5 21. Nd6 Bxd6 22. Rxe5 Bxe5 23. cxb6 axb6 24. Bc2 Rc8 25. Qh5 Bxc3 26. Rxd5 Bxd5 27. bxc3 Rxc3 28. Qe5+ Rc7 29. Qxg7 Rfc8 30. Bd3 Rc1+ 31. Kb2 Rd1 32. Qe5+ Kb7 33. Qe3 f5 34. Be2 Rg1 35. Bf3 Bxf3 36. Qxf3+ Rc6 37. Qe3 Rf1 38. a4 h5 39. Qe2 Rfc1 40. Qxh5 R1c2+ 41. Kb3 Ka6 42. Qf3 e5 43. Qd3+ Kb7 44. Qxc2 1-0

[Event "Lindores Abbey Tal Mem"]
[Site "Riga LAT"]
[Date "2021.11.08"]
[Round "9.4"]
[White "Nodirbek Abdusattorov"]
[Black "David Paravyan"]
[Result "1/2-1/2"]
[EventDate "?"]
[WhiteElo "2646"]
[BlackElo "2642"]
[PlyCount "94"]

1. c4 e5 2. Nc3 Nf6 3. Nf3 e4 4. Ng5 c6 5. Qa4 Qe7 6. Qc2 Na6 7. Ngxe4 Nxe4 8. Qxe4 Qxe4 9. Nxe4 Nb4 10. Kd1 d5 11. a3 dxe4 12. axb4 Bxb4 13. f3 Be6 14. b3 f5 15. e3 O-O 16. Ba3 a5 17. Kc2 Bxa3 18. Rxa3 f4 19. exf4 Rxf4 20. Be2 Bf5 21. Kc1 exf3 22. Bxf3 Rd4 23. Re1 Kf7 24. Re5 Bg4 25. Raxa5 Rxa5 26. Rxa5 Bxf3 27. Rf5+ Ke6 28. Rxf3 h5 29. Kc2 h4 30. Kc3 Rg4 31. g3 c5 32. b4 b6 33. bxc5 bxc5 34. Rf4 Rxf4 35. gxf4 Kf5 36. d4 Kxf4 37. dxc5 Ke5 38. Kd3 g5 39. Ke2 g4 40. Ke3 Ke6 41. Kf4 g3 42. hxg3 hxg3 43. Kxg3 Kd7 44. Kf4 Kc6 45. Ke4 Kxc5 46. Kd3 Kc6 47. Ke4 1/2-1/2

[Event "Lindores Abbey Tal Mem"]
[Site "Riga LAT"]
[Date "2021.11.08"]
[Round "7.10"]
[White "Grigoriy Oparin"]
[Black "Nodirbek Abdusattorov"]
[Result "0-1"]
[EventDate "?"]
[WhiteElo "2659"]
[BlackElo "2646"]
[PlyCount "104"]

1. d4 Nf6 2. c4 e6 3. Nf3 c5 4. d5 exd5 5. cxd5 d6 6. Nc3 g6 7. Bf4 Bg7 8. Qa4+ Bd7 9. Qb3 b5 10. Bxd6 Qb6 11. Be5 O-O 12. e3 c4 13. Qd1 b4 14. Nb1 Bb5 15. Nbd2 Rc8 16. a4 Ba6 17. Rc1 c3 18. bxc3 Bxf1 19. Kxf1 Nbd7 20. Bd4 Qa6+ 21. c4 Nxd5 22. Qb3 Nc5 23. Bxc5 Rxc5 24. g3 Rb8 25. Kg2 Nc3 26. Nd4 Qb7+ 27. N2f3 Qc8 28. Nb5 a6 29. Qxb4 Rxc4 30. Qb3 axb5 31. axb5 Rxb5 32. Qa3 Qc6 33. Qe7 Rf5 34. e4 Rxe4 35. Qd8+ Re8 36. Qd3 h5 37. Rhe1 Rxe1 38. Rxe1 Qd5 39. Qxd5 Rxd5 40. Re8+ Bf8 41. h4 Kg7 42. Rc8 Ne4 43. Re8 Nf6 44. Rc8 Ng4 45. Rc2 Bc5 46. Ng5 Bxf2 47. Rc7 Rf5 48. Ne6+ Kg8 49. Rc8+ Kh7 50. Ng5+ Kg7 51. Kh3 Be3 52. Ne4 Nf2+ 0-1

[Event "Lindores Abbey Tal Mem"]
[Site "Riga LAT"]
[Date "2021.11.08"]
[Round "8.10"]
[White "Nodirbek Abdusattorov"]
[Black "Grigoriy Oparin"]
[Result "1-0"]
[EventDate "?"]
[WhiteElo "2646"]
[BlackElo "2659"]
[PlyCount "74"]

1. c4 Nf6 2. Nc3 c5 3. g3 e6 4. Nf3 b6 5. Bg2 Bb7 6. O-O Be7 7. b3 O-O 8. Bb2 d5 9. e3 Qc8 10. Rc1 Rd8 11. Qe2 Nc6 12. cxd5 Nxd5 13. Nxd5 Rxd5 14. Rfd1 Ba6 15. d3 Qd8 16. Ne1 Rd6 17. Qg4 Bf8 18. d4 Rc8 19. dxc5 bxc5 20. Rxd6 Qxd6 21. Rd1 Qc7 22. Nf3 Rd8 23. Rxd8 Qxd8 24. Ng5 Qd3 25. h4 Nd8 26. Kh2 Qc2 27. Bf6 h6 28. Ne4 Nc6 29. Ba1 Ne7 30. Nf6+ Kh8 31. Nd7 Qxf2 32. Nxf8 Nf5 33. Qf3 Qxa2 34. Be5 Qxb3 35. Qa8 Qxe3 36. Bf4 Qd3 37. h5 1-0

[Event "Lindores Abbey Tal Mem"]
[Site "Riga LAT"]
[Date "2021.11.08"]
[Round "6.25"]
[White "M Amin Tabatabaei"]
[Black "Nodirbek Abdusattorov"]
[Result "0-1"]
[EventDate "?"]
[WhiteElo "2639"]
[BlackElo "2646"]
[PlyCount "194"]

1. b3 d5 2. Bb2 c6 3. g3 Nf6 4. Bg2 Bg4 5. d3 Nbd7 6. h3 Bh5 7. Nf3 Bxf3 8. Bxf3 e5 9. O-O Bd6 10. Nd2 a5 11. a3 O-O 12. e4 Re8 13. Qe2 Nc5 14. Bg2 Ne6 15. Nf3 dxe4 16. dxe4 Qc7 17. Rfd1 Rad8 18. Rd2 Nc5 19. Nh4 Ne6 20. Nf5 Bc5 21. Rad1 Rxd2 22. Rxd2 g6 23. Nh6+ Kg7 24. Ng4 Nxg4 25. Qxg4 h5 26. Qd1 Bd4 27. c3 Bc5 28. b4 Ba7 29. h4 Rd8 30. Bh3 Rxd2 31. Qxd2 axb4 32. axb4 Qe7 33. Kg2 Qf6 34. Qe2 b5 35. Bc1 Qe7 36. Bd2 Bb6 37. Qd3 Qf6 38. Be1 Qe7 39. Qd1 Kg8 40. Qb3 Qd6 41. Bxe6 Qxe6 42. Qxe6 fxe6 43. Bd2 Kf7 44. Bg5 Bc7 45. Kf3 Bb6 46. Ke2 Bc7 47. Be3 Bd8 48. Bc5 Bc7 49. Kf3 Bb8 50. Bb6 Bd6 51. Ke3 Bb8 52. Kd3 Bd6 53. Be3 Kf6 54. Bg5+ Kf7 55. Bd8 Ke8 56. Bb6 Kf7 57. Be3 Ke8 58. Kc2 Kf7 59. Kb3 Ke8 60. c4 Kf7 61. Kc3 Ke8 62. Bg5 Bc7 63. f3 Bb6 64. c5 Bc7 65. Kd3 Kf7 66. Ke3 Ke8 67. Kf2 Kf7 68. Kg2 Ke8 69. Bd2 Kf7 70. Bc3 Ke7 71. Kf2 Kf7 72. Ke2 Ke7 73. Bd2 Kf7 74. Bg5 Ke8 75. Ke3 Kf7 76. f4 exf4+ 77. gxf4 Ke8 78. Kf3 Kf7 79. Kg3 e5 80. f5 gxf5 81. exf5 e4+ 82. Bf4 Bd8 83. Bg5 Bf6 84. Kf4 Bc3 85. Kxe4 Bxb4 86. Kd4 Ba3 87. Bd8 Bb2+ 88. Ke4 Bf6 89. Bc7 Bxh4 90. Bh2 Be7 91. Bd6 Bf6 92. Kd3 h4 93. Bf4 h3 94. Ke4 b4 95. Bh2 b3 96. Kd3 Bd4 97. Kd2 Kf6 0-1

[Event "Lindores Abbey Tal Mem"]
[Site "Riga LAT"]
[Date "2021.11.08"]
[Round "5.25"]
[White "Nodirbek Abdusattorov"]
[Black "M Amin Tabatabaei"]
[Result "1-0"]
[EventDate "?"]
[WhiteElo "2646"]
[BlackElo "2639"]
[PlyCount "114"]

1. c4 e6 2. Nc3 d5 3. d4 Nf6 4. cxd5 exd5 5. Bg5 c6 6. e3 Bf5 7. Qf3 Bg6 8. Bxf6 Qxf6 9. Qxf6 gxf6 10. Nge2 Nd7 11. h4 h5 12. Nf4 Bd6 13. g3 a5 14. Kd2 a4 15. Bd3 Bxf4 16. exf4 Bxd3 17. Kxd3 Ke7 18. Nd1 f5 19. Re1+ Kf6 20. Nc3 Nb6 21. Re2 Rhe8 22. Rae1 Re6 23. Kc2 Nc4 24. b3 axb3+ 25. axb3 Nd6 26. Re5 b5 27. Kb2 b4 28. Na4 Ne4 29. Re2 Rc8 30. Rc2 Rc7 31. Nb6 Nc3 32. Na4 Nb5 33. Rd2 Ra7 34. f3 Ra8 35. Nc5 Rd6 36. Re1 Rdd8 37. Rc1 Ra7 38. Nd3 Nxd4 39. Nxb4 Nxf3 40. Rd3 Nh2 41. Nxc6 Rad7 42. Nxd8 Rxd8 43. Rc6+ Ke7 44. Rc5 Ke6 45. Re3+ Kf6 46. Re5 d4 47. Rxf5+ Kg6 48. Rfd5 Re8 49. Rxd4 Nf3 50. Rd3 Ne1 51. Rd6+ f6 52. Rg5+ Kf7 53. Rxh5 Re2+ 54. Kc3 Nf3 55. Rh7+ Kg6 56. Rhd7 Re1 57. g4 1-0

[Event "Lindores Abbey Tal Mem"]
[Site "Riga LAT"]
[Date "2021.11.08"]
[Round "1.12"]
[White "Nodirbek Abdusattorov"]
[Black "Alexandra Kosteniuk"]
[Result "1-0"]
[EventDate "?"]
[WhiteElo "2646"]
[BlackElo "2518"]
[PlyCount "90"]

1. c4 e5 2. g3 Nf6 3. Bg2 d5 4. cxd5 Nxd5 5. Nf3 Nc6 6. O-O Nb6 7. b3 Be7 8. Bb2 f6 9. Nc3 O-O 10. Rc1 Bg4 11. Ne4 Qc8 12. Qc2 Rd8 13. d3 Kh8 14. Rfd1 a5 15. Nc5 Nb4 16. Qb1 c6 17. d4 exd4 18. Bxd4 Nd7 19. Na4 Nd5 20. e4 Nc7 21. Re1 Ne6 22. Be3 Bb4 23. Red1 Ba3 24. Rc2 Qc7 25. h3 Bh5 26. Rcd2 b5 27. Rxd7 Rxd7 28. Rxd7 Qxd7 29. Nb6 Qd8 30. Nxa8 Qxa8 31. e5 Qd8 32. Qf5 Bf7 33. exf6 Qxf6 34. Qxf6 gxf6 35. Nd4 Nxd4 36. Bxd4 c5 37. Bxf6+ Kg8 38. Bc6 c4 39. Bxb5 cxb3 40. axb3 Bxb3 41. Kf1 a4 42. Ke2 Bc5 43. f4 Kf7 44. Be5 h5 45. Kd3 1-0

[Event "Lindores Abbey Tal Mem"]
[Site "Riga LAT"]
[Date "2021.11.08"]
[Round "4.23"]
[White "Nodirbek Abdusattorov"]
[Black "Vasif Durarbayli"]
[Result "1-0"]
[EventDate "?"]
[WhiteElo "2646"]
[BlackElo "2629"]
[PlyCount "220"]

1. c4 Nf6 2. Nc3 c5 3. g3 e6 4. Nf3 b6 5. Bg2 Bb7 6. O-O Be7 7. d4 cxd4 8. Qxd4 d6 9. Rd1 a6 10. b3 Nbd7 11. Bb2 Qc7 12. Rac1 Rc8 13. h3 Qb8 14. Nd2 Bxg2 15. Kxg2 O-O 16. Nde4 Rc6 17. Nxf6+ Bxf6 18. Qd2 Nc5 19. b4 Nd7 20. b5 Rxc4 21. Qxd6 Nc5 22. Qc6 Rc8 23. Qf3 axb5 24. Ba1 b4 25. Nb5 Rxc1 26. Rxc1 Bxa1 27. Rxa1 Qa8 28. Rb1 Qxa2 29. Nd6 Rf8 30. Rxb4 Nd7 31. h4 h6 32. Qc6 Qd2 33. Rb3 Nc5 34. Re3 Rd8 35. Nc4 Qd5+ 36. Qxd5 Rxd5 37. Nxb6 Rd6 38. Nc4 Rd4 39. Ne5 Re4 40. Rxe4 Nxe4 41. Kf3 Nc3 42. h5 f6 43. Nc6 Kf7 44. e4 e5 45. Ke3 Nd1+ 46. Ke2 Nb2 47. f4 exf4 48. gxf4 g6 49. Nd8+ Kg7 50. hxg6 Kxg6 51. Kf3 Nc4 52. Ne6 Kf7 53. Nd4 Nd2+ 54. Ke3 Nc4+ 55. Kd3 Nd6 56. Nf3 Ke6 57. Kd4 Nb5+ 58. Kc5 Nc3 59. Kd4 Nb5+ 60. Kc4 Nd6+ 61. Kd3 Ke7 62. Kd4 Ke6 63. Nd2 Nb5+ 64. Ke3 Nd6 65. Kf3 Nb5 66. Kg4 Nd4 67. Kh5 Ne2 68. f5+ Kf7 69. Kxh6 Ng3 70. Kh7 Ne2 71. Nc4 Ng3 72. Nd2 Ne2 73. Nb3 Ng3 74. Nc5 Ne2 75. Nb7 Ng3 76. Nc5 Ne2 77. Nd3 Ng3 78. Nf2 Ne2 79. Nh1 Nf4 80. Kh6 Ke7 81. Ng3 Kf7 82. Nf1 Ne2 83. Kh5 Nc3 84. Nd2 Ne2 85. Kg4 Nd4 86. Kf4 Ke7 87. Ke3 Nc2+ 88. Kd3 Ne1+ 89. Kd4 Nc2+ 90. Kc5 Ne1 91. Nc4 Nd3+ 92. Kd4 Nb4 93. Ne3 Kd6 94. Nd5 Nc6+ 95. Ke3 Ke5 96. Nf4 Kd6 97. Nd3 Na5 98. Kd4 Nb3+ 99. Kc3 Na5 100. Nf2 Nb7 101. Ng4 Ke7 102. Kd4 Nd6 103. Ne3 Nb5+ 104. Kc5 Na3 105. Kb4 Nc4 106. Nxc4 Kd7 107. Kb3 Kc6 108. Kc2 Kc5 109. Kb1 Kxc4 110. e5 Kd5 1-0

[Event "Lindores Abbey Tal Mem"]
[Site "Riga LAT"]
[Date "2021.11.08"]
[Round "14.10"]
[White "Nodirbek Abdusattorov"]
[Black "Parham Maghsoodloo"]
[Result "1-0"]
[EventDate "?"]
[WhiteElo "2646"]
[BlackElo "2706"]
[PlyCount "130"]

1. c4 e5 2. Nc3 Nf6 3. Nf3 Nc6 4. e4 h6 5. g3 Bc5 6. Bg2 d6 7. d3 a5 8. h3 O-O 9. O-O Ne7 10. Be3 Bxe3 11. fxe3 Ng6 12. Kh2 c6 13. d4 Be6 14. d5 Bd7 15. Qb3 Qc7 16. a4 Bc8 17. Ne1 Ra6 18. Nd3 Nd7 19. Rf2 Qb6 20. Qxb6 Rxb6 21. Raf1 f6 22. h4 Rd8 23. Bh3 Ngf8 24. g4 Nh7 25. Rd1 Rb3 26. dxc6 bxc6 27. Nc1 Rxc3 28. bxc3 Nc5 29. Rb2 Be6 30. Rb6 Nxe4 31. Rxc6 Nf8 32. Bg2 Nf2 33. Rdxd6 Nxg4+ 34. Kg1 Rxd6 35. Rxd6 Bxc4 36. Bd5+ Bxd5 37. Rxd5 Nxe3 38. Rxa5 Ne6 39. Ra8+ Kf7 40. a5 Nc5 41. a6 Nxa6 42. Rxa6 Nf5 43. c4 Nxh4 44. c5 Nf3+ 45. Kf2 Nd4 46. Ne2 Ne6 47. c6 Ke7 48. Nc3 Nc7 49. Rb6 Kd6 50. Ke3 h5 51. Ke4 g6 52. Ke3 Kc5 53. Rb8 Kxc6 54. Rf8 f5 55. Rf6+ Kd7 56. Rxg6 Ne6 57. Rh6 Nf4 58. Rf6 Ng2+ 59. Kf2 Nf4 60. Rxf5 Ke6 61. Rf8 h4 62. Ne4 Kd5 63. Ng5 Kd6 64. Rh8 Ke7 65. Rxh4 1-0

[Event "Lindores Abbey Tal Mem"]
[Site "Riga LAT"]
[Date "2021.11.08"]
[Round "15.5"]
[White "Nodirbek Abdusattorov"]
[Black "Levon Aronian"]
[Result "0-1"]
[EventDate "?"]
[WhiteElo "2646"]
[BlackElo "2782"]
[PlyCount "106"]

1. d4 d5 2. Nf3 Nf6 3. e3 c5 4. Be2 Nbd7 5. O-O g6 6. b3 Bg7 7. Bb2 O-O 8. Nbd2 cxd4 9. exd4 Ne4 10. c4 Nxd2 11. Qxd2 dxc4 12. bxc4 b6 13. Rfe1 Bb7 14. d5 Nf6 15. Bf1 Rc8 16. Rad1 Re8 17. Nd4 Qd7 18. Qb4 Rc5 19. h3 h5 20. Re3 Bh6 21. Re2 Rec8 22. Ree1 Re8 23. Nb3 Rcc8 24. d6 Ne4 25. Rxe4 Bxe4 26. c5 exd6 27. Qc3 Kh7 28. Qf6 bxc5 29. Bb5 Qe7 30. Bxe8 Qxf6 31. Bxf6 Rxe8 32. Rxd6 Bf5 33. Bc3 Re2 34. Rd8 Bg7 35. Bxg7 Kxg7 36. Nxc5 Rxa2 37. f3 h4 38. Rd4 g5 39. f4 g4 40. hxg4 Bxg4 41. f5 Bxf5 42. Rxh4 a5 43. Rf4 Kg6 44. Rd4 Kf6 45. Rd6+ Ke5 46. Ra6 Kd5 47. Nb7 a4 48. Nd6 Bd3 49. Rb6 Kc5 50. Nc8 a3 51. Kh2 Rb2 52. Rf6 a2 53. Ne7 0-1

[Event "Lindores Abbey Tal Mem"]
[Site "Riga LAT"]
[Date "2021.11.08"]
[Round "18.12"]
[White "Nodirbek Abdusattorov"]
[Black "Mateusz Bartel"]
[Result "1-0"]
[EventDate "?"]
[WhiteElo "2646"]
[BlackElo "2619"]
[PlyCount "132"]

1. c4 e6 2. Nc3 d5 3. d4 Nf6 4. cxd5 exd5 5. Bg5 Nbd7 6. e3 c6 7. Bd3 Be7 8. Qc2 Nh5 9. Bxe7 Qxe7 10. O-O-O Nb6 11. h3 g6 12. Nf3 Bd7 13. Kb1 O-O-O 14. a4 Kb8 15. Ne5 f6 16. Nxd7+ Nxd7 17. g4 Ng7 18. h4 Ne8 19. h5 g5 20. h6 Nd6 21. Ne2 Nb6 22. b3 Rc8 23. Ng3 Rc7 24. Rc1 Qe6 25. Nf5 Nxf5 26. Bxf5 Qd6 27. a5 Na8 28. a6 b6 29. Rhe1 c5 30. dxc5 bxc5 31. Qd3 Nb6 32. Qb5 Ka8 33. e4 d4 34. Ka2 Qe5 35. Re2 Rb8 36. Qa5 c4 37. Qxe5 fxe5 38. bxc4 Na4 39. Be6 Rb6 40. Bd5+ Kb8 41. Ka1 Nc3 42. Rb2 Rc5 43. Rxb6+ axb6 44. Kb2 Ra5 45. Bg8 Ra2+ 46. Kb3 Rxf2 47. Rh1 Nxe4 48. Bxh7 Nc5+ 49. Kb4 Rf8 50. Kb5 Ka7 51. Bf5 e4 52. h7 Rh8 53. Re1 d3 54. Rd1 Re8 55. Bg6 Rd8 56. Kc6 Rf8 57. Kd5 Kxa6 58. Bf5 Ka5 59. Kd4 Kb4 60. Rb1+ Ka3 61. Kc3 Na4+ 62. Kd2 Nc5 63. Rxb6 Rd8 64. Rg6 Nb3+ 65. Kc3 Nc5 66. Rg8 1-0

[Event "Lindores Abbey Tal Mem"]
[Site "Riga LAT"]
[Date "2021.11.08"]
[Round "2.12"]
[White "Alexandra Kosteniuk"]
[Black "Nodirbek Abdusattorov"]
[Result "1-0"]
[EventDate "?"]
[WhiteElo "2518"]
[BlackElo "2646"]
[PlyCount "258"]

1. e4 e5 2. Nf3 d6 3. d4 exd4 4. Nxd4 Nf6 5. Nc3 Be7 6. g3 O-O 7. Bg2 Re8 8. O-O Bf8 9. Re1 c6 10. a4 Nbd7 11. b3 Ne5 12. h3 Bd7 13. a5 Ng6 14. Bb2 h5 15. Qd2 Qc7 16. f4 Rad8 17. Qf2 Bc8 18. Kh1 Re7 19. Nf5 Bxf5 20. exf5 Rxe1+ 21. Rxe1 Ne7 22. Ne4 Nxe4 23. Bxe4 Nd5 24. c4 Nf6 25. Bxf6 gxf6 26. Bf3 Qxa5 27. Bxh5 Qxf5 28. Bg4 Qd3 29. Re3 Qb1+ 30. Qe1 Qxe1+ 31. Rxe1 d5 32. Rd1 d4 33. Kg2 Bb4 34. Bf5 Bc3 35. Be4 Re8 36. Kf3 a5 37. g4 b5 38. cxb5 cxb5 39. Rd3 a4 40. bxa4 b4 41. Bd5 Re1 42. g5 fxg5 43. fxg5 Kg7 44. h4 Rb1 45. h5 b3 46. h6+ Kh8 47. Be4 Rf1+ 48. Kg2 Re1 49. Bf5 b2 50. Rf3 Re5 51. Bb1 Rxg5+ 52. Kf2 Rh5 53. Rxf7 Rxh6 54. Rb7 Rh1 55. Be4 Ra1 56. Bc2 Ra2 57. Kf3 Ra1 58. Ke4 Kg8 59. Kd3 Kf8 60. Ke4 Ke8 61. Kd3 Kd8 62. Rb5 Kc7 63. Rc5+ Kd6 64. Rb5 Kc6 65. Kc4 Rc1 66. Kd3 Re1 67. Kc4 Re2 68. Bd3 Re1 69. Bc2 Rc1 70. Kd3 Kd6 71. Rb6+ Ke5 72. Rb5+ Kf4 73. Rb8 Ra1 74. Rb5 Ra3 75. Ke2 Ra1 76. Kd3 Re1 77. Kc4 Re2 78. Bd3 Rh2 79. Rf5+ Ke3 80. Rb5 Kd2 81. a5 Rh6 82. Rb6 Rh7 83. Bxh7 Bxa5 84. Rxb2+ Ke3 85. Ra2 Bc3 86. Bd3 Kf3 87. Re2 Kf4 88. Re4+ Kf3 89. Re8 Kf4 90. Kb3 Kf3 91. Kc2 Kf4 92. Bc4 Kf5 93. Kd3 Bb2 94. Bd5 Bc3 95. Bh1 Bb2 96. Re4 Bc3 97. Bf3 Bb2 98. Bd1 Bc3 99. Bc2 Kf6 100. Ke2 Bb2 101. Bd3 Bc3 102. Kf3 Bb2 103. Re2 Bc3 104. Kf4 Bb4 105. Ra2 Ke6 106. Ke4 Bc3 107. Ra6+ Kd7 108. Kd5 Ke7 109. Ke5 Kd7 110. Rd6+ Kc7 111. Kd5 Bb2 112. Rc6+ Kd7 113. Rh6 Kc7 114. Ra6 Bc3 115. Kc5 Kd7 116. Rd6+ Ke7 117. Kd5 Bb2 118. Bf5 Bc3 119. Ra6 Bb2 120. Ke5 d3+ 121. Kd5 d2 122. Bc2 Bc1 123. Bd1 Kf7 124. Rb6 Ba3 125. Ke5 Bc1 126. Bh5+ Kg7 127. Kf5 Ba3 128. Rb7+ Kh6 129. Bg6 1-0

[Event "Lindores Abbey Tal Mem"]
[Site "Riga LAT"]
[Date "2021.11.08"]
[Round "3.23"]
[White "Vasif Durarbayli"]
[Black "Nodirbek Abdusattorov"]
[Result "1-0"]
[EventDate "?"]
[WhiteElo "2629"]
[BlackElo "2646"]
[PlyCount "68"]

1. e4 e6 2. d4 d5 3. e5 c5 4. c3 Nc6 5. Nf3 Qb6 6. Bd3 cxd4 7. O-O Bd7 8. cxd4 Nxd4 9. Nbd2 Nxf3+ 10. Nxf3 Bc5 11. Rb1 a5 12. a3 a4 13. Ng5 Nh6 14. Nxh7 O-O-O 15. Bxh6 gxh6 16. Nf6 Bc6 17. b4 axb3 18. Rxb3 Qa5 19. Qb1 Kc7 20. Rc1 b6 21. Bb5 Ra8 22. Bxc6 Kxc6 23. a4 Rhb8 24. h3 Qd2 25. Ng4 h5 26. Ne3 Kd7 27. Rd1 Qe2 28. Rb2 Qa6 29. Nxd5 exd5 30. Qf5+ Ke8 31. e6 Ra7 32. Qxh5 Qxa4 33. Re1 Re7 34. Qh8# 1-0